00490 2200205 4500001002100000005001500021008004100036020001800077035001900095041000700114082001000121090001600131100001100147245002500158250001000183260003100193300002400224500001100248650002500259INLIS00000000000403420241224112832241224||||||||| | ||| |||| || |  a979-010-002-7 0010-1224004034 aid0 a150.7 a150.7 DJA p0 aDjaali00aPsikologi Pendidikan aEd. 1 aJakartabBumi Aksarac2013 ax, 138 hlm. ; 21 cm aCet. 7 0aPsikologi Pendidikan